| 000 | 00557nam a2200181Ia 4500 | ||
|---|---|---|---|
| 008 | 151202s9999||||xx |||||||||||||| ||und|| | ||
| 082 | _bPNVM-91087 | ||
| 100 | _aपानवलकर श्री.दा. | ||
| 245 | _aऔदुंबर. | ||
| 260 | _b"मौज प्रकाशन ,मुंबई." | ||
| 260 | _c2013 | ||
| 300 | _a206 | ||
| 600 | _aपानवलकर श्री.दा. | ||
| 630 | _aऔदुंबर. | ||
| 700 | _aपानवलकर श्री.दा. | ||
| 730 | _aऔदुंबर. | ||
| 942 | _cBOOK | ||
| 999 |
_c1350771 _d1350768 |
||